000 00412nam a2200157Ia 4500
008 100122s9999 xx 000 0 und d
082 _b38246
_a823.08.5
100 _aVENETSKY S I
245 _aON RARE AND SCATTERED METALS
260 _bMIR PUBLISHERS
_c1983
300 _a151
630 _aON RARE AND SCATTERED METALS
700 _aKITTELL N G
730 _aON RARE AND SCATTERED METALS
942 _cBOOK
999 _c371920
_d371917